Famous Football Players Picture Quiz - Denmark - Statistics

General Stats
  • This quiz has been taken 336 times
  • The average score is 7 of 15
Answer Stats
Picture Answer % Correct
Christian Eriksen
96%
Kasper Schmeichel
96%
Michael Laudrup
86%
Andreas Christensen
83%
Simon Kjær
71%
Yussuf Poulsen
68%
Nicklas Bendtner
61%
Thomas Delaney
58%
Jhn Dahl Tomasson
24%
Allan Simonsen
23%
Morten Olsen
17%
Dennis Rommedahl
13%
Henrik Larsen
12%
Torben Piechnik
3%
Niclas Jansen
2%
No matching quizzes found
Score Distribution
Percent of People with Each Score
Percentile by Number Answered
Your Score History
You have not taken this quiz